000
00281nam a22001337a 4500
008
170525b xxu||||| |||| 00| 0 eng d
020
_a
013879040
041
_a
eng
080
_a
007.52
100
_a
26
101
_a
IM
245
_a
SURVEYING
_c
MCCORMAC.J.C
942
_2
udc
_c
BK
999
_c
14284
_d
14284